Lesy Choča

Bibliographic Details
Main Author: Burkovský, Július, 1939- (Author)
Format: Article
Language:Slovak
PhysicalDescription:Fotogr., mapa
Subjects:

MARC

LEADER 00000nab a2200000 ar4500
001 vtls009343790
003 SK-MaSNL
005 20260303212030.0
008 081007c1981 xo |r||||||||||00 b|slo
015 |a SNBRA2008/10  |2 snkbucl 
038 |a SNKBUCL 
040 |a SNKBUCL  |b slo  |e AACR2  |c SNKBUCL 
041 0 |a slo 
044 |a xo  |c SK 
080 |a 630.1  |x (437.6)  |2 2001 
080 |a 502.21(1-751.3)  |x (437.6)  |2 2001 
100 1 |a Burkovský, Július,  |d 1939-  |4 aut  |9 104625 
245 1 0 |a Lesy Choča  |c Július Burkovský 
300 |b Fotogr., mapa 
504 |a Bibliogr. odkazy 
650 0 7 |a lesy  |2 snkbucl  |9 1437 
650 0 7 |a prírodné rezervácie  |2 snkbucl  |9 3809 
651 7 |a Štátna prírodná rezervácia Choč (Slovensko)  |2 snkbucl  |9 117350 
651 7 |a Liptov (Slovensko : región)  |2 snkbucl  |9 151081 
655 7 |a štúdie  |2 snkbucl  |9 57033 
773 0 |t Liptov 6  |d Martin : Osveta ; Ružomberok : Liptovské múzeum, 1981  |g S. 213-222 
852 |a SNK  |b KIS3GCP 
958 |a NB 
999 |c 2205213  |d 2207143